| 000 | 00789nam a2200205 i 4500 | ||
|---|---|---|---|
| 001 | 101738 | ||
| 003 | ES-MaACL | ||
| 005 | 20250901222850.0 | ||
| 007 | t| | ||
| 008 | 051025s1971 sp ||||1| spa d | ||
| 100 | 1 |
_aMeilán Gil, José Luis. _979838 |
|
| 245 | 1 | 0 |
_aEspaña 71 _b: el territorio, protagonista del desarrollo / _cJosé Luis Meilán Gil. |
| 260 |
_aMadrid : _bConsejo Superior de Cámaras de Comercio, Industria y Navegación de España, _c1971. |
||
| 300 |
_a219 p. ; _c21 cm. |
||
| 650 |
_aDescentralización administrativa- _zEspaña. _911822 |
||
| 650 | 0 | 0 |
_aDesarrollo regional- _zFrancia. _911813 |
| 710 | 2 |
_aConsejo Superior de Cámaras Oficiales de Comercio, Industria y Navegación de España _9172319 |
|
| 852 |
_aES-MaACL _jC-42422 |
||
| 999 |
_c101738 _d101738 |
||